Statistics for Marvel Super War Hero Quiz

Click here to take the quiz!

General Stats

  • This quiz has been taken 26 times
  • The average score is 22 of 48

Answer Stats

Heroes% Correct
Thor
100%
Hulk
89%
Iron Man
89%
Hawkeye
83%
Black Widow
78%
Captain America
78%
Spider-Man
78%
Black Panther
72%
Captain Marvel
72%
Doctor Strange
72%
Loki
72%
Star-Lord
72%
Ant-Man
67%
Groot
67%
Rocket Raccoon
67%
Vision
67%
The Thing
61%
Human Torch
56%
Quicksilver
56%
Scarlet Witch
56%
Beast
50%
Mantis
50%
Thanos
50%
War Machine
50%
Angel
44%
Deadpool
44%
Storm
44%
Ghost
39%
Heimdall
39%
Iceman
39%
Magneto
39%
Blade
33%
Emma Frost
33%
Ancient One
28%
Namor
28%
Yondu
28%
Jubilee
22%
Mister Fantastic
22%
Corvus Glaive
17%
Ebony Maw
17%
Lady Sif
17%
Sandman
17%
Executioner
11%
Pixie
11%
Proxima Midnight
11%
Cull Obsidian
6%
Ronan the Accuser
6%
Cloak & Dagger
0%

Score Distribution

Percentile by Number Answered

Percent of People with Each Score

Your Score History

You have not taken this quiz